Politické a ekonomické dopady Brexitu na EÚ bakalárska práca

Salvato in:
Dettagli Bibliografici
Autore principale: Kočanová, Lucia
Ente Autore: Fakulta medzinárodných vzťahov EU. Katedra medzinárodných ekonomických vzťahov a hospodárskej diplomacie
Altri autori: Lipková, Ľudmila
Natura: Libro
Lingua:slovacco
Pubblicazione: Bratislava 2018
Tags: Aggiungi Tag
Nessun Tag, puoi essere il primo ad aggiungerne!!

MARC

LEADER 00000nbm a2200000 4500
001 0244531
005 20180810102816.4
041 0 |a slo 
044 |a SK 
245 1 0 |a Politické a ekonomické dopady Brexitu na EÚ  |b bakalárska práca  |c Lucia Kočanová ; školiteľ: Ľudmila Lipková 
264 1 |a Bratislava  |c 2018 
300 |a 67 s. 
100 1 |a Kočanová, Lucia 
700 1 |a Lipková, Ľudmila 
710 2 |a Fakulta medzinárodných vzťahov EU. Katedra medzinárodných ekonomických vzťahov a hospodárskej diplomacie